<?xml version="1.0" encoding="UTF-8"?>
<record
    xmlns:xsi="http://www.w3.org/2001/XMLSchema-instance"
    xsi:schemaLocation="http://www.loc.gov/MARC21/slim http://www.loc.gov/standards/marcxml/schema/MARC21slim.xsd"
    xmlns="http://www.loc.gov/MARC21/slim">

  <leader>00529nam a22001937a 4500</leader>
  <controlfield tag="003">OSt</controlfield>
  <controlfield tag="005">20250523123936.0</controlfield>
  <controlfield tag="008">250513b        |||||||| |||| 00| 0 eng d</controlfield>
  <datafield tag="020" ind1=" " ind2=" ">
    <subfield code="a">9789394525252</subfield>
  </datafield>
  <datafield tag="040" ind1=" " ind2=" ">
    <subfield code="c">ddc</subfield>
  </datafield>
  <datafield tag="082" ind1=" " ind2=" ">
    <subfield code="a">616.0252</subfield>
  </datafield>
  <datafield tag="100" ind1=" " ind2=" ">
    <subfield code="a">Sanju Sira</subfield>
  </datafield>
  <datafield tag="245" ind1=" " ind2=" ">
    <subfield code="a">First Aid</subfield>
    <subfield code="b">Manual for Nurses</subfield>
    <subfield code="c">Sanju Sira</subfield>
  </datafield>
  <datafield tag="250" ind1=" " ind2=" ">
    <subfield code="a">3rd</subfield>
  </datafield>
  <datafield tag="260" ind1=" " ind2=" ">
    <subfield code="a">New Delhi</subfield>
    <subfield code="b">CBS Publishers &amp; Distributors</subfield>
    <subfield code="c">2022</subfield>
  </datafield>
  <datafield tag="650" ind1=" " ind2="0">
    <subfield code="a">Occupational Therapy</subfield>
    <subfield code="v">Occupational Therapy</subfield>
    <subfield code="x">First Aid Manual for Nurses</subfield>
  </datafield>
  <datafield tag="942" ind1=" " ind2=" ">
    <subfield code="c">BK</subfield>
    <subfield code="2">ddc</subfield>
  </datafield>
  <datafield tag="952" ind1=" " ind2=" ">
    <subfield code="0">0</subfield>
    <subfield code="1">0</subfield>
    <subfield code="4">0</subfield>
    <subfield code="7">0</subfield>
    <subfield code="a">NICHELIB</subfield>
    <subfield code="b">NICHELIB</subfield>
    <subfield code="c">GEN</subfield>
    <subfield code="d">2025-05-12</subfield>
    <subfield code="e">Masters Books and Distributors, 7-04-2025</subfield>
    <subfield code="g">350.00</subfield>
    <subfield code="l">0</subfield>
    <subfield code="o">616.0252 R2</subfield>
    <subfield code="p">84147</subfield>
    <subfield code="r">2025-05-13 13:20:23</subfield>
    <subfield code="w">2025-05-13</subfield>
    <subfield code="y">BK</subfield>
    <subfield code="k"></subfield>
  </datafield>
  <datafield tag="952" ind1=" " ind2=" ">
    <subfield code="0">0</subfield>
    <subfield code="1">0</subfield>
    <subfield code="4">0</subfield>
    <subfield code="7">0</subfield>
    <subfield code="a">NICHELIB</subfield>
    <subfield code="b">NICHELIB</subfield>
    <subfield code="c">GEN</subfield>
    <subfield code="d">2025-05-12</subfield>
    <subfield code="e">Masters Books and Distributors, 7-04-2025</subfield>
    <subfield code="g">350.00</subfield>
    <subfield code="l">0</subfield>
    <subfield code="o">616.0252 R2</subfield>
    <subfield code="p">84148</subfield>
    <subfield code="r">2025-05-13 13:20:23</subfield>
    <subfield code="w">2025-05-13</subfield>
    <subfield code="y">BK</subfield>
    <subfield code="k"></subfield>
  </datafield>
  <datafield tag="952" ind1=" " ind2=" ">
    <subfield code="0">0</subfield>
    <subfield code="1">0</subfield>
    <subfield code="4">0</subfield>
    <subfield code="7">0</subfield>
    <subfield code="a">NICHELIB</subfield>
    <subfield code="b">NICHELIB</subfield>
    <subfield code="c">GEN</subfield>
    <subfield code="d">2025-05-12</subfield>
    <subfield code="e">Masters Books and Distributors, 7-04-2025</subfield>
    <subfield code="g">350.00</subfield>
    <subfield code="l">0</subfield>
    <subfield code="o">616.0252 R2</subfield>
    <subfield code="p">84149</subfield>
    <subfield code="r">2025-05-13 13:20:23</subfield>
    <subfield code="w">2025-05-13</subfield>
    <subfield code="y">BK</subfield>
    <subfield code="k"></subfield>
  </datafield>
  <datafield tag="952" ind1=" " ind2=" ">
    <subfield code="0">0</subfield>
    <subfield code="1">0</subfield>
    <subfield code="4">0</subfield>
    <subfield code="7">0</subfield>
    <subfield code="a">NICHELIB</subfield>
    <subfield code="b">NICHELIB</subfield>
    <subfield code="c">GEN</subfield>
    <subfield code="d">2025-05-12</subfield>
    <subfield code="e">Masters Books and Distributors, 7-04-2025</subfield>
    <subfield code="g">350.00</subfield>
    <subfield code="l">0</subfield>
    <subfield code="o">616.0252 R2</subfield>
    <subfield code="p">84150</subfield>
    <subfield code="r">2025-05-13 13:20:23</subfield>
    <subfield code="w">2025-05-13</subfield>
    <subfield code="y">BK</subfield>
    <subfield code="k"></subfield>
  </datafield>
  <datafield tag="952" ind1=" " ind2=" ">
    <subfield code="0">0</subfield>
    <subfield code="1">0</subfield>
    <subfield code="4">0</subfield>
    <subfield code="7">0</subfield>
    <subfield code="a">NICHELIB</subfield>
    <subfield code="b">NICHELIB</subfield>
    <subfield code="c">GEN</subfield>
    <subfield code="d">2025-05-12</subfield>
    <subfield code="e">Masters Books and Distributors, 7-04-2025</subfield>
    <subfield code="g">350.00</subfield>
    <subfield code="l">0</subfield>
    <subfield code="o">616.0252 R2</subfield>
    <subfield code="p">84151</subfield>
    <subfield code="r">2025-05-13 13:20:23</subfield>
    <subfield code="w">2025-05-13</subfield>
    <subfield code="y">BK</subfield>
    <subfield code="k"></subfield>
  </datafield>
  <datafield tag="999" ind1=" " ind2=" ">
    <subfield code="c">249062</subfield>
    <subfield code="d">249062</subfield>
  </datafield>
</record>
